2025/26 SPFL Transfers quiz - Statistics

General Stats
  • This quiz has been taken 17 times
  • The average score is 44 of 95
Answer Stats
To From Position Nationality Fee Player % Correct
Rangers Dundee CM Scottish Free Transfer Lyall Cameron
91%
Aberdeen Rangers CM Scottish Loan Lyall Cameron
91%
Hearts Aalesund ST Portuguese £520K Claudio Braga
82%
Celtic Arsenal LB/CB Scottish Free Transfer Kieran Tierney
82%
Rangers Wolfsburg Winger Danish Loan Andreas Skov Olsen
73%
Rangers Spurs Winger English Loan Mikey Moore
73%
Swansea Celtic ST Irish £6.9m Adam Idah
64%
Celtic Nordsjaelland Winger Swedish £1.5m Benjamin Nygren
64%
Rangers Girona ST Macedonian £3m Bojan Miovski
64%
Rangers Peterborough CB English £2.9m Emmanuel Fernandez
64%
Lille Rangers ST Moroccan £11.5m Hamza Igamane
64%
Rangers Brentford LB English Loan Jayden Meghoma
64%
Celtic Bournemouth RB Mexican Loan Julian Araujo
64%
Como Celtic Winger German £19m Nicolas Kuhn
64%
Rangers RC Lens Winger Colombian £4m Oscar Cortes
64%
Sporting Gijon Rangers Winger Colombian Loan Oscar Cortes
64%
Hurucan Rangers Winger Colombian Loan Oscar Cortes
64%
Rangers Luton Town CAM Norwegian £3.95m Thelo Aasgaard
64%
Rangers Westerlo LB Belgian £3.6m Tuur Rommens
64%
Rangers Everton ST Portuguese £8.4M Yousef Chermiti
64%
Oxford United Rangers CB English Loan Ben Davies
55%
Celtic Fulham Under 21s ST English Free Transfer Callum Osmand
55%
St Mirren Crystal Palace Under 21s CM Irish Free Transfer Cilliam Phillips
55%
Panathanikos Rangers ST Nigerian £4.6m Cyriel Dessers
55%
Rangers Sheffield Wednesday Winger French £2.4m Djedi Gassama
55%
AEK Athens Hearts LB Scottish £2.3M James Penrice
55%
Hibernian Aberdeen CAM Irish Free Transfer Jamie Mcgrath
55%
Palmeiras Rangers LB Brazilian £6m Jefte
55%
Aberdeen Bologna Winger Swedish Loan Jesper Karlsson
55%
Rangers Bournemouth CM English £460K Joe Rothwell
55%
Toronto Rangers CM Ecuadorian Loan Jose Cifuentes
55%
Udinese Motherwell CM Scottish £5.5m Lennon Miller
55%
Lech Poznan Celtic Winger Honduras Loan Luis Palma
55%
Rangers Bournemouth RB English Loan Max Aarons
55%
Aberdeen Western Sydney Winger Australian £475K Nicolas Milanovic
55%
Rangers Go Ahead Eagles Winger Finnish £4.4m Oliver Antman
55%
Besiktas Rangers LB Turkish £2.9m Ridvan Yilmaz
55%
FC Twente Rangers CB Dutch £1.7M Robin Propper
55%
Aris Limmasol Rangers Winger Northern Irish Loan Ross McCausland
55%
Motherwell Celtic CB Scottish Loan Stephen Welsh
55%
Aberdeen Sunderland CAM French Loan Adil Aouchiche
45%
Hearts Santa Clara CM Brazilian £2m Ageu
45%
Hearts Michalovce Winger Greek Free Transfer Alexandros Kyziridis
45%
Aberdeen Spurs CB English Loan Alfie Dorrington
45%
Lecce Kilmarnock CB/LB Irish £930K Corrie Ndaba
45%
FC Dinamo Kilmarnock Winger Scottish Free Transfer Danny Armstrong
45%
Rangers Marsailles CB Canadian Loan Derek Cornelius
45%
Motherwell Burton Albion CM Scottish Free Transfer Elliot Watt
45%
Radnicki 1923 Aberdeen ST Slovenian Loan Ester Sokler
45%
Hiberian Birmingham CB Scottish Free Transfer Grant Hanley
45%
PAOK Celtic LB Scottish Free Transfer Greg Taylor
45%
Motherwell Viborg ST Nigeria £135K Ibrahim Said
45%
Plymouth Aberdeen LB Scottish Free Transfer Jack Mackenzie
45%
Celtic Man City CB English Loan Jahami Simpson-Pusey
45%
Hibernian Dundee RB/CM Scottish Free Transfer Josh Mulligan
45%
Hearts Winer Costa Rican Loan Kenneth Vargas
45%
Aberdeen Millwall ST Scottish £346K Kevin Nisbet
45%
Falkirk Hearts CB Scottish Loan Lewis Neilson
45%
Dundee United Liverpool Under 21s CM English Loan Luca Stephenson
45%
Hannover 96 Celtic CB Polish Loan Malik Nawrocki
45%
Aberdeen AC Milan ST Serbian Free Transfer Marko Lazetic
45%
Hiberian Young Boys CM Zambian £800K Miguel Chaiwa
45%
Rangers Wolves CB Burkina Faso Loan Nasser Djiga
45%
Esbjerg Kilmarnock GK Scottish Loan Robby McCrorie
45%
Celtic Aberdeen GK Scottish Free Transfer Ross Doohan
45%
Celtic Hammerby Winger Tunisian £6.4m Sebastian Tounekti
45%
Celtic Kawasaki Frontier ST Korean £1.7m Shin Yamada
45%
Dundee Hearts CAM English Loan Yan Dhanda
45%
Hibernian Middlesborough CM English Loan Dan Barlaser
36%
Motherwell Birmingham LB English £150K Emmanuel Longelo
36%
Dundee United Dunajska Streda Winger Serbian Loan Ivan Dolcek
36%
St Mirren Mansfield Town CM Australian Undisclosed Keanu Baccus
36%
Celtic Free Agents ST Nigerian Free Transfer Kelechi Iheanacho
36%
Celtic Boca Juniors LB Uruguayan Loan Marcelo Sarrachi
36%
Rapid Vienna Celtic Winger Australian £1.5m Marco Tillio
36%
Kasimpasa Aberdeen ST Senegalese Undisclosed Pape Habib Gueye
36%
Luton Aberdeen Winger English Undisclosed Shayden Morris
36%
Korona Kielce Aberdeen CB Montenegran Free Transfer Slobodan Rubezic
36%
Hibernian FC Luzern ST Togo £1.15m Thibault Klidje
36%
Dundee United Western Sydney ST Australian Undisclosed Zac Sapsford
36%
Heerenveen Hibernian ST Suriname £1.02m Dylan Vente
27%
Braga Celtic CB Polish £2.5m Gustaf Lagerbielke
27%
Hearts Tobol Kostanay Winger Kazakstani Free Transfer Islam Chesnokov
27%
Aberdeen Varnamo Winger Swedish £650K Kenan Bilalovic
27%
Livingston Man City Under 21s CM Spanish Loan Mahamadou Susoho
27%
Celtic Royal Antwerp Winger Belgian £5.2m Michel-Ange Balikwisha
27%
Blackburn Hiberian RB English £860K Lewis Millar
18%
Motherwell KAS Eupen CM English Free Transfer Regan Charles-Cook
18%
Rangers Sturm Graz CM Danish £4.6m Tochi Chukuwani
18%
Livingston NK Olimpija ST Estonian Loan Alex Tamm
9%
Dundee United Troyes Winger Swedish Loan Amar Fatah
9%
Hearts Union SG ST Belgian £300K Elton Kapangu
9%
Dundee United Haugesund CM Danish Undisclosed Julius Eskesen
9%
Aberdeen Free Agents CM Scottish Free Transfer Stuart Armsrong
9%
St Mirren Free Agents CM Scottish Free Transfer Allan Campell
0%
No matching quizzes found
Score Distribution
Percent of People with Each Score
Percentile by Number Answered
Your Score History
You have not taken this quiz